Personajes de ficción por imagen - D - Estadísticas

Estadísticas generales
  • Esta prueba ha sido intentada 7.067 veces
    6.757 desde el último reinicio
  • La puntuación promedio es 14 de 20
Estadísticas de respuestas
Imagen Respuesta % Correcto
Dora
99%
Pato {Donald}
99%
Dory
98%
Dumbo
98%
Dracula
93%
Deadpool
89%
Darth Vader
88%
Donatello
85%
Doraemon
85%
Draco Malfoy
82%
Donkey Kong
76%
Duende Verde
67%
Dorothy Gale
66%
Daenerys Targaryen
54%
Django Freeman
50%
Daniel LaRusso
41%
Dexter Morgan
38%
Dwight Schrute
36%
Davy Jones
32%
Don Juan Tenorio
14%
No se encontraron pruebas coincidentes
Distribución de puntuación
Porcentaje de gente con cada puntuación
Porcentaje por número respondido
Historial de tus puntuaciones
No has intentado esta prueba desde el último reinicio